Statistics for Who Wants To Be A Millionaire - 1 Million Dollar Questions

Click here to take the quiz!

General Stats

  • This quiz has been taken 440 times
  • The average score is 6 of 15

Answer Stats

QuestionAnswer% Correct
Which of the following landlocked countries is entirely contained within another country?Lesotho
73%
In the children's book series, where is Paddington Bear originally from?Peru
71%
Which of these U.S. presidents appeared on the television series Laugh-In?Richard Nixon
52%
Which one of the following men does not have a chemical element named for him?Isaac Newton
51%
Who did artist Grant Wood use as the model for the farmer in his classic painting "American Gothic"?His dentist
49%
Which insect shorted out an early supercomputer and inspired the term "computer bug"?Moth
45%
What letter must appear at the beginning of the registration number of all non-military aircraft in the U.S.?N
42%
For ordering his favorite beverages on demand, LBJ had four buttons installed in the Oval Office labeled "coffee," "tea," "Coke," and what?Fresca
37%
"Nephelococcygia" is the practice of doing what?Finding shapes in clouds
33%
Who delivered the less two-hour speech that preceded Abraham Lincoln's two-minute Gettysburg Address?Edward Everett
32%
Now used to refer to a cat, the word "tabby" is derived from the name of a district of what world capital?Baghdad
30%
The most-watched TV episode of all time, the final episode of M*A*S*H aired at 8:30 on February 28, following what sitcom?Alice
27%
Khrushchev's famous 1960 "shoe-banging" outburst at the U.N. was in response to a delegate from what nation?Philippines
23%
Which one of these ships was not one of the three taken over by colonists during the Boston Tea Party?William
22%
Which First Lady was a ninth-generation descendant of Pocahontas?Edith Wilson
17%

Score Distribution

Percentile by Number Answered

Percent of People with Each Score

Your Score History

You have not taken this quiz